000 00496cam a22001457a 4500
008 180718b2006 xxu||||| |||| 00| 0 eng d
100 _aAndrabi, Tahir
245 _aA dime a day: the possibilities and limits of private schooling in Pakistan
_cby Tahir Andrabi, Jishnu Das and Asim Ijaz Khwaja
260 _aWashington, D.C.
_bWorld Bank
_c2006
300 _a35p.
440 _aPolicy research working paper; 4066
650 _aDime a day
700 _aKhwaja, Asim Ijaz
700 _aDas, Jishnu
999 _c294521
_d294521